| 000 | 01791cam a22003978i 4500 | ||
|---|---|---|---|
| 001 | 22116165 | ||
| 003 | NUST | ||
| 005 | 20221018151637.0 | ||
| 006 | m |o d | | ||
| 007 | cr_||||||||||| | ||
| 008 | 210702s2022 nyu o 000 1 eng | ||
| 010 | _a 2021031790 | ||
| 020 |
_a9780593300244 _q(ebook) |
||
| 020 |
_z9780593300237 _q(hardcover) |
||
| 038 | _aAzhar | ||
| 040 |
_aDLC _beng _cDLC _erda |
||
| 042 | _apcc | ||
| 050 | 0 | 0 | _aPS3622.U96 |
| 082 | 0 | 0 |
_a811.6 _223 _bVUO |
| 100 | 1 |
_aVuong, Ocean, _d1988- _eauthor. _9100674 |
|
| 245 | 1 | 0 |
_aTime is a mother _cOcean Vuong. |
| 260 |
_aNew York : _bPenguin Press, _c2022. |
||
| 263 | _a2204 | ||
| 300 | _a114p | ||
| 336 |
_atext _btxt _2rdacontent |
||
| 337 |
_acomputer _bc _2rdamedia |
||
| 338 |
_aonline resource _bcr _2rdacarrier |
||
| 520 |
_a"Ocean Vuong's second collection of poetry looks inward, on the aftershocks of his mother's death, and the struggle - and rewards - of staying present in the world. Time Is a Mother moves outward and onward, in concert with the themes of On Earth We're Briefly Gorgeous, as Vuong continues, through his work, his profound exploration of personal trauma, of what it means to be the product of an American war in America, and how to circle these fragmented tragedies to find not a restoration, but the epicenter of the break"-- _cProvided by publisher. |
||
| 563 | _aHB | ||
| 588 | _aDescription based on print version record and CIP data provided by publisher; resource not viewed. | ||
| 655 | 7 |
_aPoetry. _2lcgft _9100675 |
|
| 776 | 0 | 8 |
_iPrint version: _aVuong, Ocean, 1988- _tTime is a mother _dNew York : Penguin Press, 2022 _z9780593300237 _w(DLC) 2021031789 |
| 906 |
_a7 _bcbc _corignew _d1 _eecip _f20 _gy-gencatlg |
||
| 942 |
_2ddc _cLC |
||
| 999 |
_c591897 _d591897 |
||